000
00323nam a2200145Ia 4500
100
_a
Mukhi Vijay
942
_c
BK
654
_a
Visual basics controls
245
_a
Writing Visual Basics Controls
260
_b
B.B.P.
_a
New Delhi
_c
1995
082
_a
5.13
_b
PAN
300
_a
140
546
_a
ENGLISH
999
_c
30711
_d
30711